000 00218 a2200097 4500
001 59863
100 _a
245 _aAdvances in Image and Video Segmentation
260 _aUSA
_bIRM Press
_c2006
090 _c36698
_d36698
942 _aNUST-CAE
_c
_c29666
999 _c294936
_d294936